Electrical and electronic measurement and testing / (Record no. 181081)
[ view plain ]
| 000 -LEADER | |
|---|---|
| fixed length control field | 01228 a2200241 4500 |
| 003 - CONTROL NUMBER IDENTIFIER | |
| control field | Nust |
| 005 - DATE AND TIME OF LATEST TRANSACTION | |
| control field | 20221117100043.0 |
| 010 ## - LIBRARY OF CONGRESS CONTROL NUMBER | |
| LC control number | 93174135 |
| 020 ## - INTERNATIONAL STANDARD BOOK NUMBER | |
| International Standard Book Number | 0582089670 |
| 035 ## - SYSTEM CONTROL NUMBER | |
| System control number | (OCoLC)27784892 |
| 040 ## - CATALOGING SOURCE | |
| Transcribing agency | Nust |
| 082 00 - DEWEY DECIMAL CLASSIFICATION NUMBER | |
| Classification number | 621.37,BOL |
| 100 1# - MAIN ENTRY--PERSONAL NAME | |
| Personal name | Bolton, W. |
| 245 10 - TITLE STATEMENT | |
| Title | Electrical and electronic measurement and testing / |
| Statement of responsibility, etc. | W. Bolton. |
| 260 ## - PUBLICATION, DISTRIBUTION, ETC. | |
| Place of publication, distribution, etc. | Harlow, Essex, England : |
| Name of publisher, distributor, etc. | Longman Scientific & Technical, |
| Date of publication, distribution, etc. | 1992. |
| 300 ## - PHYSICAL DESCRIPTION | |
| Extent | x, 268 p. : |
| Other physical details | ill. ; |
| Dimensions | 25 cm. |
| 505 ## - FORMATTED CONTENTS NOTE | |
| Formatted contents note | Measurement and Testing (Page-1), Performance Specifications (Page-22), Sources of Error (Page-36), Reliability (Page-50), Units And Standards (Page-60), Analogue Meters (Page-65), Digital Meters (Page-90), Recorders (Page-99), Component Measurement (Page-115), Power and Energy Measurement (Page-146), Oscilloscopes (Page-153), Counters (Page-172), Signal Sources (Page-179), Signal Analysis (Page-188), Digital Circuit Testing (Page-202), Automating Instruments (Page-210), Instrumentation Sys (Page-217), Test Procedures (Page-235). |
| 650 #0 - SUBJECT ADDED ENTRY--TOPICAL TERM | |
| Topical term or geographic name entry element | Electric measurements. |
| 9 (RLIN) | 41286 |
| 650 #0 - SUBJECT ADDED ENTRY--TOPICAL TERM | |
| Topical term or geographic name entry element | Electric testing. |
| 9 (RLIN) | 41130 |
| 650 #0 - SUBJECT ADDED ENTRY--TOPICAL TERM | |
| Topical term or geographic name entry element | Electronic instruments. |
| 9 (RLIN) | 35963 |
| 650 #0 - SUBJECT ADDED ENTRY--TOPICAL TERM | |
| Topical term or geographic name entry element | Electronic measurements. |
| 9 (RLIN) | 41546 |
| 942 ## - ADDED ENTRY ELEMENTS (KOHA) | |
| Source of classification or shelving scheme | |
| Koha item type | Book |
| Withdrawn status | Lost status | Source of classification or shelving scheme | Damaged status | Not for loan | Permanent Location | Current Location | Shelving location | Date acquired | Full call number | Barcode | Date last seen | Price effective from | Koha item type | Public note |
|---|---|---|---|---|---|---|---|---|---|---|---|---|---|---|
| Military College of Signals (MCS) | Military College of Signals (MCS) | General Stacks | 12/12/2016 | 621.37,BOL | MCS1080 | 12/08/2016 | 12/12/2016 | Book | Almirah No.30, Shelf No.4 |
